|
|
|
|
| LEADER |
00713nam a2200241Ia 4500 |
| 008 |
241007s9999||||xx |||||||||||||| ||und|| |
| 020 |
|
|
|a 950-04-3
|
| 040 |
|
|
|a BIBLIOTECA-RURC/ 621.31 E82
|
| 041 |
|
|
|a spa
|
| 082 |
|
|
|a 621.31 E82
|
| 100 |
1 |
|
|a Dunkerley, Joy
|
| 100 |
1 |
|
|b Ramsay, William
|
| 100 |
1 |
|
|c Gordon, Lincoln; Celelsky, Elizabeth
|
| 245 |
1 |
0 |
|a Estrategias Energéticas Para Países en Desarrollo
|
| 260 |
|
|
|a Argentina
|b Ediciones Aragón
|c 1985
|
| 300 |
|
|
|a 253 p. :il.
|
| 650 |
7 |
|
|a CRISIS MUNDIAL DE LA ENERGIA
|
| 650 |
7 |
|
|b COMBUSTIBLES TRADICIONALES
|
| 650 |
7 |
|
|c CONSERVACIÓN DE LA ENERGIA
|
| 650 |
7 |
|
|d RECURSOS ENERGETICOS RENOBABLES
|
| 942 |
|
|
|c BK
|2 ddc
|
| 991 |
|
|
|a TEXTO
|
| 999 |
|
|
|c 14455
|